अनुभूतियाँ / (Record no. 213245)
[ view plain ]
| 000 -LEADER | |
|---|---|
| fixed length control field | 00862nam a22001937a 4500 |
| 005 - DATE AND TIME OF LATEST TRANSACTION | |
| control field | 20250902145619.0 |
| 010 ## - LCCN (DPL NO) | |
| LC control number | HIN-130324 |
| 020 ## - INTERNATIONAL STANDARD BOOK NUMBER | |
| Terms of availability | 250 |
| International Standard Book Number | 9789391091606 |
| 035 ## - SYSTEM CONTROL NUMBER | |
| System control number | HN-102670 |
| 037 ## - SOURCE OF ACQUISITION | |
| Source of stock number/acquisition | DBAD |
| 082 ## - DEWEY DECIMAL CLASSIFICATION NUMBER | |
| Classification number | 821 |
| 100 ## - MAIN ENTRY--PERSONAL NAME | |
| Personal name | आनि , सरोज श्योराण |
| 245 ## - TITLE STATEMENT | |
| Title | अनुभूतियाँ / |
| Statement of responsibility, etc | सरोज श्योराण आनि |
| 260 ## - PUBLICATION, DISTRIBUTION, ETC. (IMPRINT) | |
| Place of publication, distribution, etc | गुरुग्राम हरियाणा |
| Name of publisher, distributor, etc | दि पाईट्र्री सोसाईटी आफ इंडिया |
| Date of publication, distribution, etc | 2025 |
| 270 ## - ADDRESS | |
| Address | एच -23/16 , डी एल एफ फेज़-1 |
| -- | गुरुग्राम हरियाणा 122002 |
| 300 ## - PHYSICAL DESCRIPTION | |
| Extent | 78 पृ.; |
| Dimensions | 21 सेमी (अजिल्द) |
| 700 ## - ADDED ENTRY--PERSONAL NAME | |
| Personal name | खन्ना एवं वर्मा |
| 9 (RLIN) | 84491 |
| 942 ## - ADDED ENTRY ELEMENTS (KOHA) | |
| Source of classification or shelving scheme | Dewey Decimal Classification |
| Item type | Hindi Books |
| Classification part | 821 |
| Call number suffix | आनि |
| Withdrawn status | Lost status | Not for loan | Collection code | Home library | Current library | Date acquired | Source of acquisition | Cost, normal purchase price | Full call number | Barcode | Copy number | Cost, replacement price | Koha item type |
|---|---|---|---|---|---|---|---|---|---|---|---|---|---|
| Non-fiction | Sarojini Nagar | Sarojini Nagar | 02/09/2025 | DBAD | 250.00 | 821 शवोरा | HN-102670 | 1 | 250.00 | Hindi Books |
